000 00705nam a22002177a 4500
003 0
005 20230912082604.0
008 230912b xxu||||| |||| 00| 0 eng d
020 _a 978-1-032-10921-3
050 _aBL 625.3
_b.W55 2023
100 _aWilkins, Sarah Laflamme
245 _aReligion, spirituality, and secularity among millenials
_cSarah Wilkins-Laflamme
260 _aOxfordshire, London
_bRoutledge
_cc2023.
300 _axiv, 182 pages ;
_c24 cm.
500 _aGeneration y-- religious life.
504 _aIncludes index.
650 _aGeneration y-- religious life.
650 _aGeneration z-- religious life.
650 _aMillenials--religious life.
942 _2lcc
_cBK
999 _c365277
_d365277